Get the Picture: Declaration or Constitution Quiz Stats

 Plays Quiz Updated Apr 25, 2019

Score 0/16 Timer 03:00
0 Plays Today
Question Answer Wrong Answers
Lists grievances against the king of England intended to justify separation from British rule The Declaration of Independence
88.2%
The U.S. Constitution
7.7%
Considered to be a living, flexible document The U.S. Constitution
87.7%
The Declaration of Independence
8.1%
Creates a distinct plan that separates government into 3 branches The U.S. Constitution
86.1%
The Declaration of Independence
9.9%
Adopted in 1787 The U.S. Constitution
85.8%
The Declaration of Independence
10.4%
Contains the Bill of Rights The U.S. Constitution
85.8%
The Declaration of Independence
10.3%
Adopted in 1776 The Declaration of Independence
85.6%
The U.S. Constitution
10.5%
Ratified on July 4th The Declaration of Independence
85.4%
The U.S. Constitution
10.7%
Replaced the Articles of Confederation The U.S. Constitution
82.6%
The Declaration of Independence
13.4%
Famous signers include Thomas Jefferson, John Adams and John Hancock The Declaration of Independence
81.7%
U.S. Constitution
14%
Was chiefly written by future president James Madison The U.S. Constitution
81.2%
The Declaration of Independence
15.2%
Was chiefly written by future president Thomas Jefferson The Declaration of Independence
80.3%
The U.S. Constitution
16.2%
Contains the quote: ' . . . in Order to form a more perfect Union, establish Justice, insure domestic Tranquility. . . ' The U.S. Constitution
72.7%
The Declaration of Independence
23.2%
Contains the quote: ' . . .that among these are Life, Liberty and the pursuit of Happiness.' The Declaration of Independence
67.7%
The U.S. Constitution
28.2%
Had signers from all 13 colonies The Declaration of Independence
64.4%
The U.S. Constitution
31.8%
Famous signers include George Washington, Robert Morris and Alexander Hamilton The U.S. Constitution
59.7%
The Declaration of Independence
36.5%
Signed by more people (56 vs. 39) The Declaration of Independence
54.1%
The U.S. Constitution
42%

Today's Daily Dose

Missing Word
Sherlocks

Word Ladder
King of the Hill

Quick Pick
Songs in Pink

Get the Picture
NBA Teammates

You're not logged in!

Compare scores with friends on all Sporcle quizzes.
OR
Log In

Sporcle TV

Today on Sporcle TV


Watch our educational content, quiz creation guides, and fun videos on Sporcle TV.

Show Comments

Extras

Top Quizzes Today


Score Distribution

Your Account Isn't Verified!

In order to create a playlist on Sporcle, you need to verify the email address you used during registration. Go to your Sporcle Settings to finish the process.

Report this User

Report this user for behavior that violates our Community Guidelines.

Details: